Statistiques concernant Les plus grandes villes des îles avec une carte

Cliquez ici pour prendre le quiz!

Statistiques générales

  • Ce quiz a été pris 111 fois
  • Le résultat moyen est 19 sur 24

Réponses sur la Carte

Les réponses sont colorées sur une échelle allant du rouge au vert en fonction du pourcentage des utilisateurs qui les ont devinées à leur premier essai. Vous pouvez retrouver ces pourcentages ci-dessous.
 

Statistiques - réponses

Population de la villeVille% Correct
14,800,000Londres
99%
40,400,000Tokyo
99%
22,100,000New York City
97%
25,700,000Manille
96%
5,300,000Sydney
96%
31,300,000Jakarta
95%
3,050,000Manchester
94%
4,975,000Melbourne
90%
7,500,000Hong Kong
89%
17,700,000Osaka
89%
7,900,000Singapour
88%
3,225,000Port-au-Prince
87%
4,000,000Saint-Domingue
87%
4,225,000Montreal
86%
3,150,000Birmingham
83%
9,150,000Taipei
82%
25,100,000Mumbai
81%
4,750,000Colombo
80%
3,150,000Brisbane
72%
10,500,000Nagoya
62%
6,950,000Bandung
40%
6,100,000Surabaya
40%
10,000,000Xiamen
25%
4,000,000Medan
22%

Distribution des résultats

Percentile par nombre de réponses

% des personnes avec chaque résultat

Votre développement - résultats

Vous n’avez pas pris ce quiz